000
00231 a2200085 4500
020
_a
978-0367680183
100
_a
Linda Matthews
245
_a
Design Strategies for Reimagining the City: The Disruptive Image
260
_b
Routledge
_c
2024
999
_c
13184
_d
13184